00470 a2200157 4500000002100000001000700021005001700028008004100045082001600086100002700102245010200129250001200231260003300243300001000276700002600286BKB 07101920200902150919.0  a519.5bM76A1 aMontgomery, Douglas C.1 aApplied statistics and probability for engineerscby Douglas C. Montgomery and George C. Runger a4th ed. aNew DelhibWiley Indiac2010 a705p. aRunger, George C.bc